00270nam a2200109Ia 4500100002700000654003800027245003800065260002900103082000800132300000800140546001200148 aJoshi/ D./ Sharma/ R.  aVijay mukhis clipper 5.01/87 test aVijay Mukhis Clipper 5.01/87 test bBPB PubaNew Delhic1993 a5.1 a925 aENGLISH